La OTAN al descubierto (Record no. 111707)

MARC details
000 -LEADER
campo de control de longitud fija 00972nam a2200253 4500
001 - NÚMERO DE CONTROL
campo de control 111707
003 - IDENTIFICADOR DE NÚMERO DE CONTROL
campo de control ES-MaACL
007 - CAMPO FIJO DE DESCRIPCIÓN FÍSICA--INFORMACIÓN GENERAL
campo de control de longitud fija t|
008 - DATOS DE LONGITUD FIJA--INFORMACIÓN GENERAL
campo de control de longitud fija 061121s1985 sp r ||||1| spa d
020 ## - NÚMERO INTERNACIONAL ESTÁNDAR DEL LIBRO
Número Internacional Estándar del Libro 84-7444-193-5
130 0# - ENTRADA PRINCIPAL--TÍTULO UNIFORME
Título uniforme La OTAN al descubierto.
9 (RLIN) 122428
245 13 - MENCIÓN DEL TÍTULO
Título La OTAN al descubierto
Resto del título : generales por la paz y el desarme : trece ex-generales de la OTAN analizan la estrategia nuclear de la Alianza Atlántica /
Mención de responsabilidad, etc. prefacio del almirante Gene R. La Rocque ; introducción del general Michael N. Harbottle ; prólogo de Alberto Piris ; versión castellana Gonzalo Arias.
250 ## - MENCION DE EDICION
Mención de edición 1ª. ed.
260 ## - PUBLICACIÓN, DISTRIBUCIÓN, ETC.
Lugar de publicación, distribución, etc. Madrid :
Nombre del editor, distribuidor, etc. Debate,
Fecha de publicación, distribución, etc. 1985.
300 ## - DESCRIPCIÓN FÍSICA
Extensión 222 p. ;
Dimensiones 21 cm.
490 1# - MENCIÓN DE SERIE
Mención de serie Biblioteca verde
700 1# - ENTRADA AGREGADA--NOMBRE PERSONAL
Nombre de persona R. La Rocque, Gene.
9 (RLIN) 94819
700 1# - ENTRADA AGREGADA--NOMBRE PERSONAL
Nombre de persona N. Harbottle, Michael.
9 (RLIN) 84770
700 1# - ENTRADA AGREGADA--NOMBRE PERSONAL
Nombre de persona Piris, Alberto.
9 (RLIN) 92345
700 1# - ENTRADA AGREGADA--NOMBRE PERSONAL
Nombre de persona Arias, Gonzalo.
9 (RLIN) 22747
830 0# - PUNTO DE ACCESO ADICIONAL DE SERIE-TÍTULO UNIFORME
Título uniforme Biblioteca verde
9 (RLIN) 185725
852 ## - LOCALIZACIÓN
Ubicación ES-MaACL
Número de control de estantería E-4832
Holdings
Estatus retirado Estado de pérdida Estado de daño No para préstamo Biblioteca de origen Biblioteca actual Ubicación en estantería Fecha de adquisición Fuente de adquisición Total de préstamos Signatura topográfica completa Código de barras Visto por última vez Precio de reemplazo Tipo de ítem Koha
        Biblioteca del Ateneo de Madrid Biblioteca del Ateneo de Madrid Depósito 2 17/01/2008     E-4832 1116531 23/02/2023 23/02/2023 Libro impreso